| 000 | 00378 a2200169 4500 | ||
|---|---|---|---|
| 001 | 59102 | ||
| 020 | _a8500704705 | ||
| 040 | _cAnchieta - Pituba | ||
| 100 | _aGomes, Fernando C. de Araújo | ||
| 240 | 1 | 0 |
_aA ilíada _lpor |
| 245 | 1 | 0 | _aA ilíada |
| 300 | _a425 | ||
| 362 | 0 | _a1998 | |
| 440 | 1 | _aEdiouro | |
| 650 | 4 | _aPoesia épica clássica grega e ficção | |
| 942 | _cBK | ||
| 999 |
_c59102 _d59102 |
||